[Event "Zagreb Open 2010 Grupo B"]
[Site "Zagreb CRO"]
[Date "2010.02.27"]
[Round "3.7"]
[White "Hrupacki, Milan"]
[Black "Livaja, Mario"]
[Result "0-1"]
[WhiteElo "2072"]
[BlackElo "2164"]
[PlyCount "70"]
[EventDate "2010.02.25"]
[EventType "swiss"]
[EventRounds "9"]
[EventCountry "CRO"]
[Source "lmi"]
[SourceDate "2010.02.25"]

1. d4 Nf6 2. Nf3 c5 3. d5 d6 4. Bg5 g6 5. e3 Bg7 6. Nc3 Qa5 7. Qd2 a6 8. Be2 b5
9. a3 b4 10. Bxf6 Bxf6 11. Nd1 Bd7 12. O-O Bb5 13. Re1 O-O 14. Rb1 Nd7 15. axb4
cxb4 16. Nd4 Bxe2 17. Nc6 Qa2 18. Rc1 Bxd1 19. Rexd1 Qxb2 20. Rb1 Qc3 21. Qe2
a5 22. Qb5 Qc5 23. Nxe7+ Bxe7 24. Qxd7 Ra7 25. Qa4 Rb8 26. Rd3 Bf6 27. g3 Qb5
28. Qa2 Rc8 29. Rd2 a4 30. Rc1 Qc4 31. Qb1 b3 32. c3 a3 33. h4 a2 34. Qa1 Qxc3
35. Rxc3 Bxc3 0-1

[Event "Zagreb Open 2010 Grupo B"]
[Site "Zagreb CRO"]
[Date "2010.02.27"]
[Round "3.8"]
[White "Krizanovic, Zvonko"]
[Black "Basaric, Srdan"]
[Result "1-0"]
[WhiteElo "2065"]
[BlackElo "2137"]
[PlyCount "71"]
[EventDate "2010.02.25"]
[EventType "swiss"]
[EventRounds "9"]
[EventCountry "CRO"]
[Source "lmi"]
[SourceDate "2010.02.25"]

1. e4 d6 2. d4 Nf6 3. Nc3 Nbd7 4. Nf3 e5 5. Bc4 Be7 6. O-O O-O 7. Re1 c6 8. a4
b6 9. h3 a6 10. dxe5 dxe5 11. Qe2 Qc7 12. Bg5 Bb7 13. Nh4 Rfe8 14. Nf5 Bf8 15.
Rad1 b5 16. Ba2 h6 17. Bxf6 Nxf6 18. Qf3 Nh7 19. Qg4 Ng5 20. h4 Ne6 21. Nxh6+
Kh7 22. Nf5 g6 23. Ng3 Bc8 24. h5 Nf4 25. hxg6+ fxg6 26. Qf3 Bh6 27. Nce2 Rf8
28. Nxf4 Rxf4 29. Qb3 Bg4 30. f3 Raf8 31. fxg4 Qa7+ 32. Re3 Rxg4 33. Nf1 Rxf1+
34. Kxf1 Bxe3 35. Qg8+ Kh6 36. Qh8+ 1-0

[Event "Zagreb Open 2010 Grupo B"]
[Site "Zagreb CRO"]
[Date "2010.02.27"]
[Round "3.9"]
[White "Fabris, Zeljko"]
[Black "Ivanov, Borislav"]
[Result "0-1"]
[WhiteElo "2063"]
[BlackElo "2128"]
[PlyCount "69"]
[EventDate "2010.02.25"]
[EventType "swiss"]
[EventRounds "9"]
[EventCountry "CRO"]
[Source "lmi"]
[SourceDate "2010.02.25"]

1. d4 d5 2. Nf3 Nf6 3. g3 Bf5 4. Bg2 c6 5. O-O h6 6. c4 e6 7. Nc3 Be7 8. Ne5
Nbd7 9. f3 Nxe5 10. dxe5 Nd7 11. cxd5 cxd5 12. e4 dxe4 13. fxe4 Bg6 14. Qa4 O-O
15. Bf4 Nc5 16. Qc2 Qd3 17. Qf2 Qa6 18. Kh1 Bh5 19. Bf3 Bxf3+ 20. Qxf3 Qd3 21.
Rf2 Qxf3+ 22. Rxf3 Rad8 23. Be3 a6 24. Bxc5 Bxc5 25. Na4 Bd4 26. Rd1 Bxe5 27.
Rfd3 Rxd3 28. Rxd3 Rc8 29. Kg2 Rc2+ 30. Kf3 b5 31. Nc3 Rxb2 32. Rd8+ Kh7 33.
Nd1 Rxa2 34. h4 Ra3+ 35. Kg4 0-1

[Event "Zagreb Open 2010 Grupo B"]
[Site "Zagreb CRO"]
[Date "2010.02.27"]
[Round "3.10"]
[White "Blagojevic, Marijan"]
[Black "Ivekovic, Bozidar Jr"]
[Result "1-0"]
[WhiteElo "2127"]
[BlackElo "2042"]
[PlyCount "63"]
[EventDate "2010.02.25"]
[EventType "swiss"]
[EventRounds "9"]
[EventCountry "CRO"]
[Source "lmi"]
[SourceDate "2010.02.25"]

1. d4 Nf6 2. c4 g6 3. Nc3 Bg7 4. e4 d6 5. Nf3 O-O 6. Be2 e5 7. O-O Nc6 8. d5
Ne7 9. Ne1 Nd7 10. Be3 f5 11. f3 f4 12. Bf2 g5 13. Rc1 Ng6 14. b4 Rf7 15. c5
Nf6 16. a4 h5 17. a5 Bf8 18. cxd6 cxd6 19. Nb5 g4 20. Nxa7 g3 21. Bb6 Qe8 22.
Nb5 Qe7 23. Nc7 Nd7 24. h3 Nxb6 25. axb6 Bxh3 26. gxh3 g2 27. Nxg2 Nh4 28. Ne6
Nxg2 29. Kxg2 Rg7+ 30. Nxg7 Qg5+ 31. Kh1 Qg3 32. Nf5 1-0

[Event "Zagreb Open 2010 Grupo B"]
[Site "Zagreb CRO"]
[Date "2010.02.27"]
[Round "3.11"]
[White "Tolic, Mato"]
[Black "Rubil, Marko"]
[Result "0-1"]
[WhiteElo "2042"]
[BlackElo "2123"]
[PlyCount "76"]
[EventDate "2010.02.25"]
[EventType "swiss"]
[EventRounds "9"]
[EventCountry "CRO"]
[Source "lmi"]
[SourceDate "2010.02.25"]

1. Nf3 d5 2. b3 c5 3. e3 a6 4. Be2 Nc6 5. Bb2 d4 6. O-O e5 7. exd4 exd4 8. Re1
Be7 9. Bd3 Nf6 10. c3 O-O 11. Na3 b5 12. Rc1 Bb7 13. Nc2 dxc3 14. dxc3 Qc7 15.
Ne3 Rad8 16. Qe2 Rfe8 17. Bb1 Nh5 18. Qc2 g6 19. h3 Nf4 20. Rcd1 Bf6 21. Rxd8
Nxd8 22. Ng4 Rxe1+ 23. Nxe1 Bg7 24. c4 f5 25. Bxg7 Qxg7 26. Ne3 Nde6 27. cxb5
axb5 28. a4 Qa1 29. Qd1 Nd4 30. axb5 Nfe2+ 31. Kf1 Nc3 32. N1c2 Qxb1 33. Qxb1
Nxb1 34. Nxd4 cxd4 35. Nc4 d3 36. Ke1 Bxg2 37. Ne5 d2+ 38. Kd1 Bd5 0-1

[Event "Zagreb Open 2010 Grupo B"]
[Site "Zagreb CRO"]
[Date "2010.02.27"]
[Round "3.13"]
[White "Mihalic, Goran"]
[Black "Kovacevic, Krsto"]
[Result "1-0"]
[WhiteElo "2102"]
[BlackElo "1976"]
[PlyCount "75"]
[EventDate "2010.02.25"]
[EventType "swiss"]
[EventRounds "9"]
[EventCountry "CRO"]
[Source "lmi"]
[SourceDate "2010.02.25"]

1. e4 c5 2. Nf3 d6 3. d4 cxd4 4. Nxd4 Nf6 5. Nc3 a6 6. Be2 e5 7. Nb3 Be7 8. O-O
Be6 9. Be3 O-O 10. Qd2 b5 11. f3 Nbd7 12. a4 Bxb3 13. cxb3 b4 14. Nd5 Nxd5 15.
Qxd5 a5 16. Rfd1 Rc8 17. Rac1 Bg5 18. Bxg5 Qxg5 19. Bc4 Nc5 20. Rc2 h5 21. Re2
Ne6 22. Qxa5 Nd4 23. Rf2 Rb8 24. f4 Qg4 25. Rdf1 h4 26. fxe5 Ne6 27. exd6 Ng5
28. Kh1 h3 29. Qf5 Qxf5 30. Rxf5 Nxe4 31. Bxf7+ Rxf7 32. Rxf7 Nxd6 33. Rd7 Ne4
34. Rff7 Re8 35. Rxg7+ Kh8 36. Rh7+ Kg8 37. Rdg7+ Kf8 38. Rh8+ 1-0

[Event "Zagreb Open 2010 Grupo B"]
[Site "Zagreb CRO"]
[Date "2010.02.27"]
[Round "3.14"]
[White "Korov, Zvonko"]
[Black "Pecnik, Leo"]
[Result "1/2-1/2"]
[WhiteElo "2119"]
[BlackElo "2261"]
[PlyCount "32"]
[EventDate "2010.02.25"]
[EventType "swiss"]
[EventRounds "9"]
[EventCountry "CRO"]
[Source "lmi"]
[SourceDate "2010.02.25"]

1. Nf3 g6 2. g3 Bg7 3. Bg2 Nf6 4. O-O O-O 5. c4 d6 6. d3 e5 7. Nc3 Nc6 8. Rb1
a5 9. b3 h6 10. Bb2 Nh5 11. Nd5 f5 12. e3 Ne7 13. Nh4 Kh7 14. Nxe7 Qxe7 15. Nf3
c6 16. Qc2 Bd7 1/2-1/2

[Event "Zagreb Open 2010 Grupo B"]
[Site "Zagreb CRO"]
[Date "2010.02.27"]
[Round "3.15"]
[White "Vukovic, Ivo"]
[Black "Stadler, Brigita"]
[Result "1-0"]
[WhiteElo "2220"]
[BlackElo "2119"]
[PlyCount "85"]
[EventDate "2010.02.25"]
[EventType "swiss"]
[EventRounds "9"]
[EventCountry "CRO"]
[Source "lmi"]
[SourceDate "2010.02.25"]

1. Nf3 Nf6 2. g3 g6 3. Bg2 Bg7 4. O-O O-O 5. d4 d5 6. b3 Nbd7 7. Bb2 Ne4 8.
Nbd2 f5 9. e3 b6 10. c4 e6 11. Qc2 Ba6 12. Rfc1 c5 13. Bf1 Bb7 14. dxc5 Bxb2
15. Qxb2 bxc5 16. Bg2 Qf6 17. Qxf6 Rxf6 18. Rc2 a5 19. Rb1 h6 20. h4 Kg7 21.
Rd1 a4 22. Rb1 axb3 23. axb3 Rff8 24. Bf1 Bc6 25. Be2 Rfb8 26. Rbc1 Kf6 27. Rd1
g5 28. cxd5 exd5 29. hxg5+ hxg5 30. Nd4 Bb7 31. Nb5 Ba6 32. Nxe4+ dxe4 33. Nc7
Bxe2 34. Rxe2 Ra7 35. Rxd7 Rbb7 36. Nd5+ Ke6 37. Rxb7 Rxb7 38. Nc3 Rxb3 39. Rc2
Ke5 40. Ne2 Kd5 41. Kg2 Ra3 42. Nc3+ Ke5 43. Nb5 1-0

[Event "Zagreb Open 2010 Grupo B"]
[Site "Zagreb CRO"]
[Date "2010.02.27"]
[Round "3.16"]
[White "Mihalincic, Tomislav"]
[Black "Takac, Zvonko"]
[Result "1-0"]
[WhiteElo "2215"]
[BlackElo "2088"]
[PlyCount "120"]
[EventDate "2010.02.25"]
[EventType "swiss"]
[EventRounds "9"]
[EventCountry "CRO"]
[Source "lmi"]
[SourceDate "2010.02.25"]

1. c4 f5 2. d4 Nf6 3. Nc3 e6 4. g3 Bb4 5. Bd2 Nc6 6. a3 Bxc3 7. Bxc3 Ne4 8. Bg2
Nxc3 9. bxc3 O-O 10. e3 Rb8 11. c5 Ne7 12. Qa4 a6 13. Ne2 d5 14. c4 Bd7 15. Qc2
Bc6 16. O-O Rf6 17. Nf4 g5 18. Nd3 dxc4 19. Ne5 Bxg2 20. Kxg2 Qd5+ 21. f3 b5
22. cxb6 cxb6 23. Qxc4 Qxc4 24. Nxc4 Nd5 25. Rfc1 Rc8 26. Kf2 Rf7 27. Nd6 Rxc1
28. Rxc1 Rc7 29. Rxc7 Nxc7 30. e4 fxe4 31. fxe4 b5 32. Ke3 Kf8 33. Kd3 Ke7 34.
Nb7 Kd7 35. Kc3 Kc6 36. Nd8+ Kb6 37. Nf7 g4 38. Nh6 a5 39. Nxg4 b4+ 40. axb4
Nb5+ 41. Kc4 Nd6+ 42. Kb3 Nxe4 43. bxa5+ Kxa5 44. Kc4 Kb6 45. Kd3 Nd6 46. Nf6
h6 47. Ne4 Nf7 48. Nc5 e5 49. Nd7+ Kc6 50. Nxe5+ Nxe5+ 51. dxe5 Kd5 52. e6 Kxe6
53. Ke4 Kf6 54. Kf4 Kg6 55. Ke5 Kg5 56. h3 Kg6 57. h4 Kf7 58. h5 Ke7 59. Kf5
Kf7 60. g4 Kg7 1-0

[Event "Zagreb Open 2010 Grupo B"]
[Site "Zagreb CRO"]
[Date "2010.02.27"]
[Round "3.17"]
[White "Okrosa, Marijan"]
[Black "Strniscak, Tomislav"]
[Result "0-1"]
[WhiteElo "2095"]
[BlackElo "2202"]
[PlyCount "80"]
[EventDate "2010.02.25"]
[EventType "swiss"]
[EventRounds "9"]
[EventCountry "CRO"]
[Source "lmi"]
[SourceDate "2010.02.25"]

1. e4 e5 2. Nf3 Nc6 3. Bb5 a6 4. Ba4 Nf6 5. O-O Be7 6. Re1 b5 7. Bb3 O-O 8. c3
d5 9. d3 Bg4 10. h3 Bh5 11. g4 dxe4 12. dxe4 Bg6 13. Qxd8 Raxd8 14. Nbd2 Bd6
15. Nh4 Nd7 16. Ndf3 Nc5 17. Bd5 Ne7 18. Bg5 Nd3 19. Re2 Nxd5 20. Bxd8 N5f4 21.
Rd2 Rxd8 22. Nxg6 hxg6 23. Rad1 Nxh3+ 24. Kf1 Nhxf2 25. Rxd3 Nxd3 26. Rxd3 f6
27. Ke2 Kf7 28. Nd2 Rh8 29. c4 Rh2+ 30. Kf1 Ke6 31. a3 f5 32. gxf5+ gxf5 33.
exf5+ Kxf5 34. b4 bxc4 35. Nxc4 Ke6 36. Rg3 Kd5 37. Rg4 e4 38. Ne3+ Kd4 39.
Nf5+ Kd3 40. Rxg7 e3 0-1

[Event "Zagreb Open 2010 Grupo B"]
[Site "Zagreb CRO"]
[Date "2010.02.27"]
[Round "3.18"]
[White "Livaic, Damir"]
[Black "Kalajzic, Ivan"]
[Result "0-1"]
[WhiteElo "2059"]
[BlackElo "2198"]
[PlyCount "102"]
[EventDate "2010.02.25"]
[EventType "swiss"]
[EventRounds "9"]
[EventCountry "CRO"]
[Source "lmi"]
[SourceDate "2010.02.25"]

1. d4 d5 2. c4 Nc6 3. e3 e5 4. cxd5 Qxd5 5. Nc3 Bb4 6. Bd2 Bxc3 7. bxc3 Nf6 8.
c4 Qd6 9. d5 Ne7 10. Qb3 a5 11. Nf3 Ne4 12. Bc1 Nc5 13. Qc3 Ng6 14. Ba3 O-O 15.
h4 f6 16. h5 Ne7 17. Rb1 b6 18. Be2 Bf5 19. Rb5 Bd7 20. Rb2 Nf5 21. Nd2 a4 22.
g4 Nh6 23. Rg1 Nf7 24. Qc2 Ng5 25. f3 Rfe8 26. e4 Nh3 27. Rg3 Nf4 28. Qc3 g6
29. Nb1 gxh5 30. gxh5+ Kf7 31. Qe3 Rg8 32. Rxg8 Rxg8 33. Bf1 Qf8 34. Rh2 Qh6
35. Kd2 Nb7 36. Kc2 Qg5 37. d6 Qg3 38. Rf2 c5 39. Qd2 Ne6 40. Rg2 Qxf3 41. Rf2
Qxe4+ 42. Bd3 Nd4+ 43. Kc3 Qh4 44. Bxh7 Rg3+ 45. Kb2 Nxd6 46. Qh6 Rb3+ 47. Ka1
Qxf2 48. Qg6+ Ke7 49. Qg7+ Kd8 50. h6 e4 51. Qf8+ Kc7 0-1

[Event "Zagreb Open 2010 Grupo B"]
[Site "Zagreb CRO"]
[Date "2010.02.27"]
[Round "3.19"]
[White "Padjen, Zdenko"]
[Black "Frank, Vladimir"]
[Result "0-1"]
[WhiteElo "2057"]
[BlackElo "2194"]
[PlyCount "86"]
[EventDate "2010.02.25"]
[EventType "swiss"]
[EventRounds "9"]
[EventCountry "CRO"]
[Source "lmi"]
[SourceDate "2010.02.25"]

1. e4 d6 2. d4 Nf6 3. Nc3 g6 4. f4 Bg7 5. Nf3 O-O 6. Bd3 Nbd7 7. O-O c5 8. e5
Ne8 9. exd6 Nxd6 10. Be3 cxd4 11. Nxd4 Nf6 12. h3 b6 13. f5 Bb7 14. fxg6 hxg6
15. Nf3 Rc8 16. Nd2 Nd5 17. Nxd5 Bxd5 18. c3 Qd7 19. Qg4 Qxg4 20. hxg4 Be6 21.
Be2 Nc4 22. Nxc4 Bxc4 23. Bxc4 Rxc4 24. g5 Rd8 25. Rf3 e6 26. a4 Rd5 27. Raf1
Rf5 28. Rxf5 gxf5 29. Rf4 Rxf4 30. Bxf4 Kf8 31. Bb8 a6 32. Ba7 b5 33. axb5 axb5
34. Kf2 Ke7 35. Bc5+ Kd7 36. Bb4 Kc6 37. Kf3 Kd5 38. b3 Be5 39. g4 f4 40. Ba5
Bd6 41. Bd8 e5 42. Bf6 e4+ 43. Ke2 Bc5 0-1

[Event "Zagreb Open 2010 Grupo B"]
[Site "Zagreb CRO"]
[Date "2010.02.27"]
[Round "3.20"]
[White "Biljak, Tomislav"]
[Black "Jelecevic, Ivo"]
[Result "0-1"]
[WhiteElo "1899"]
[BlackElo "2180"]
[PlyCount "94"]
[EventDate "2010.02.25"]
[EventType "swiss"]
[EventRounds "9"]
[EventCountry "CRO"]
[Source "lmi"]
[SourceDate "2010.02.25"]

1. e4 c5 2. Nf3 d6 3. d4 cxd4 4. Nxd4 Nf6 5. Nc3 Nc6 6. f3 e5 7. Nb3 Be6 8. Be3
Be7 9. Qd2 O-O 10. O-O-O a5 11. Kb1 a4 12. Nc1 a3 13. b3 Nb4 14. Nd3 Nc6 15. g4
d5 16. Nxd5 Bxd5 17. exd5 Nxd5 18. c4 Nxe3 19. Qxe3 Bf6 20. Nf2 Qc7 21. Ne4 Be7
22. Bd3 Nd4 23. g5 Rfd8 24. Rhg1 Qc6 25. Nf6+ Bxf6 26. gxf6 Qxf6 27. Qe4 g6 28.
Rg3 Ne6 29. Qe2 Nf4 30. Qc2 Nxd3 31. Rxd3 Rxd3 32. Qxd3 e4 33. Qe2 Rd8 34. fxe4
Rd1+ 35. Kc2 Ra1 36. Kd3 Qb2 37. Rg2 Rxa2 38. Qc2 b6 39. Rd2 Kg7 40. e5 h5 41.
h4 g5 42. hxg5 h4 43. b4 h3 44. c5 bxc5 45. bxc5 Qb5+ 46. Kd4 Rxc2 47. Rxc2
Qb2+ 0-1

[Event "Zagreb Open 2010 Grupo B"]
[Site "Zagreb CRO"]
[Date "2010.02.28"]
[Round "4.1"]
[White "Mihalinec, Damir"]
[Black "Blagojevic, Marijan"]
[Result "0-1"]
[WhiteElo "2232"]
[BlackElo "2127"]
[PlyCount "84"]
[EventDate "2010.02.25"]
[EventType "swiss"]
[EventRounds "9"]
[EventCountry "CRO"]
[Source "lmi"]
[SourceDate "2010.02.25"]

1. e4 c5 2. Nf3 d6 3. d4 cxd4 4. Nxd4 Nf6 5. Nc3 a6 6. Bc4 e6 7. Bb3 b5 8. f3
Be7 9. Be3 O-O 10. Qd2 Bb7 11. g4 Nc6 12. Nxc6 Bxc6 13. Ne2 Nd7 14. Ng3 Ne5 15.
O-O a5 16. a4 Qc7 17. Qf2 Rfc8 18. c3 Qb7 19. Rfd1 bxa4 20. Bxa4 Bxa4 21. Rxa4
Nc4 22. Ra2 Rab8 23. b4 Bh4 24. bxa5 Bxg3 25. hxg3 Nxe3 26. Qxe3 Qb3 27. Rad2
Rxc3 28. Qd4 Rxf3 29. Rd3 Rxg3+ 30. Kf2 Rxd3 31. Rxd3 Qa2+ 32. Kf3 Qxa5 33.
Qxd6 Rc8 34. Qd7 Qc5 35. Rb3 h5 36. g5 Qc7 37. Qd2 Qc2 38. Qxc2 Rxc2 39. Kf4
Kh7 40. g6+ Kxg6 41. Rg3+ Kh6 42. Ke5 Rf2 0-1

[Event "Zagreb Open 2010 Grupo B"]
[Site "Zagreb CRO"]
[Date "2010.02.28"]
[Round "4.2"]
[White "Dulic, Grgur"]
[Black "Rubil, Marko"]
[Result "0-1"]
[WhiteElo "2192"]
[BlackElo "2123"]
[PlyCount "165"]
[EventDate "2010.02.25"]
[EventType "swiss"]
[EventRounds "9"]
[EventCountry "CRO"]
[Source "lmi"]
[SourceDate "2010.02.25"]

1. e4 e5 2. Nf3 Nc6 3. Bb5 a6 4. Ba4 Nf6 5. O-O Be7 6. Re1 b5 7. Bb3 d6 8. c3
O-O 9. h3 Na5 10. Bc2 c5 11. d4 Qc7 12. Nbd2 Nc6 13. d5 Nd8 14. a4 Rb8 15. axb5
axb5 16. b4 Ne8 17. Nf1 g6 18. Bh6 Ng7 19. Ne3 f6 20. g4 Nf7 21. Bxg7 Kxg7 22.
Kg2 Bd7 23. Qd2 Ra8 24. Reb1 c4 25. Qc1 Qb7 26. Ng1 Rfb8 27. Ne2 Bd8 28. Ng3
Bb6 29. Ngf1 Nh6 30. Rxa8 Rxa8 31. Ra1 Rf8 32. Ng3 Ng8 33. f3 Ne7 34. Qd2 Kh8
35. Nef1 Kg7 36. h4 Ra8 37. Qc1 Ra7 38. h5 Qa8 39. Rxa7 Qxa7 40. hxg6 hxg6 41.
Qd2 Bg1 42. Bb1 Ng8 43. Qa2 Qb6 44. Qd2 Nh6 45. Qe1 Qa7 46. Ne2 Bb6 47. Qd2 Nf7
48. Qa2 Qb7 49. Neg3 Ng5 50. Nh2 Ba7 51. Qe2 Qb6 52. Qe1 Qd8 53. Ngf1 Bb6 54.
Bc2 Qa8 55. Ng3 Qh8 56. Ngf1 Qh3+ 57. Kh1 Nxf3 58. Qg3 Qxg3 59. Nxg3 Nxh2 60.
Kxh2 Bxg4 61. Nf1 Bf2 62. Kg2 Be1 63. Ne3 Bh5 64. Nd1 Bxd1 65. Bxd1 f5 66. exf5
gxf5 67. Bh5 Kf8 68. Bg6 Bxc3 69. Bxf5 Bxb4 70. Bd7 c3 71. Bf5 Ke7 72. Kf3 Kd8
73. Ke2 Kc7 74. Kd3 Kb6 75. Kc2 Kc5 76. Bd7 Kc4 77. Bf5 Kxd5 78. Kd3 Kc5 79.
Bd7 e4+ 80. Kc2 d5 81. Bf5 Ba5 82. Bg6 Kc4 83. Bf7 0-1

[Event "Zagreb Open 2010 Grupo B"]
[Site "Zagreb CRO"]
[Date "2010.02.28"]
[Round "4.3"]
[White "Petrusic, Toni"]
[Black "Matic, Zeljko"]
[Result "1-0"]
[WhiteElo "2065"]
[BlackElo "2181"]
[PlyCount "119"]
[EventDate "2010.02.25"]
[EventType "swiss"]
[EventRounds "9"]
[EventCountry "CRO"]
[Source "lmi"]
[SourceDate "2010.02.25"]

1. e4 d6 2. d4 Nf6 3. Nc3 c6 4. f3 Nbd7 5. Be3 b5 6. Qd2 Qa5 7. g4 h6 8. Nge2
Bb7 9. h4 g6 10. Ng3 h5 11. g5 Ng8 12. Bh3 Nb6 13. b3 e6 14. O-O d5 15. a3 Bd6
16. f4 Ne7 17. Kh2 dxe4 18. Ngxe4 Nbc8 19. d5 cxd5 20. Bd4 Rf8 21. b4 Qa6 22.
Nf6+ Kd8 23. a4 Bxb4 24. axb5 Qd6 25. Be5 Qb6 26. Rfb1 Bd6 27. Na4 Qc7 28. Re1
Bxe5 29. fxe5 Nb6 30. Nb2 a6 31. Bf1 axb5 32. Rxa8+ Nxa8 33. Bxb5 Nc6 34. Bxc6
Qxc6 35. Qb4 Rh8 36. c4 Qb6 37. Qd2 d4 38. Na4 Qc6 39. Nc3 Ke7 40. Nb5 Qc5 41.
Nd6 Bc6 42. Qf4 Rb8 43. Ng8+ Kd8 44. Qf6+ Kc7 45. Qxf7+ Bd7 46. Nb5+ Rxb5 47.
cxb5 Qc2+ 48. Kg1 d3 49. Qf8 Kb7 50. Qf3+ Kb8 51. Ra1 Nb6 52. Qf8+ Kb7 53. Qa3
Bxb5 54. Qa7+ Kc6 55. Ne7+ Kc5 56. Qc7+ Kb4 57. Qxb6 d2 58. Qa5+ Kc4 59. Qc7+
Kb3 60. Ra3+ 1-0

[Event "Zagreb Open 2010 Grupo B"]
[Site "Zagreb CRO"]
[Date "2010.02.28"]
[Round "4.4"]
[White "Livaja, Mario"]
[Black "Mihalic, Goran"]
[Result "1-0"]
[WhiteElo "2164"]
[BlackElo "2102"]
[PlyCount "83"]
[EventDate "2010.02.25"]
[EventType "swiss"]
[EventRounds "9"]
[EventCountry "CRO"]
[Source "lmi"]
[SourceDate "2010.02.25"]

1. d4 Nf6 2. Bg5 g6 3. Bxf6 exf6 4. g3 Bg7 5. Bg2 f5 6. e3 O-O 7. Ne2 d5 8. O-O
c6 9. Nd2 Nd7 10. c4 Nf6 11. Nf4 Be6 12. cxd5 Nxd5 13. Nxe6 fxe6 14. Qb3 Qb6
15. Rac1 Rfd8 16. Rfd1 Rac8 17. Qc2 Qa6 18. a3 e5 19. Nf3 e4 20. Nd2 Qb6 21. b4
Qc7 22. Bf1 Qe7 23. Qb3 Kh8 24. Bc4 Nf6 25. Rc2 g5 26. Be6 f4 27. Bxc8 Rxc8 28.
b5 Qd7 29. Qc4 Qh3 30. Qf1 Qh5 31. bxc6 bxc6 32. Rdc1 fxe3 33. fxe3 Ng4 34. Qe2
Rf8 35. Rf1 Rd8 36. Nc4 Qh3 37. Qg2 Qh5 38. h3 Nf6 39. Ne5 Re8 40. Kh2 c5 41.
Rxc5 Rxe5 42. dxe5 1-0

[Event "Zagreb Open 2010 Grupo B"]
[Site "Zagreb CRO"]
[Date "2010.02.28"]
[Round "4.5"]
[White "Ivanov, Borislav"]
[Black "Krizanovic, Zvonko"]
[Result "1/2-1/2"]
[WhiteElo "2128"]
[BlackElo "2065"]
[PlyCount "117"]
[EventDate "2010.02.25"]
[EventType "swiss"]
[EventRounds "9"]
[EventCountry "CRO"]
[Source "lmi"]
[SourceDate "2010.02.25"]

1. d4 Nf6 2. c4 e6 3. g3 Bb4+ 4. Bd2 Qe7 5. Nc3 Bxc3 6. Bxc3 Ne4 7. Qc2 Nxc3 8.
Qxc3 O-O 9. Bg2 Nc6 10. Nf3 d6 11. O-O e5 12. d5 Nb8 13. c5 Na6 14. cxd6 cxd6
15. Nd2 Bg4 16. e4 Rac8 17. Qb3 Rc7 18. h3 Bh5 19. g4 Bg6 20. Rfc1 Rfc8 21. Qd1
Nc5 22. Qe2 Nd7 23. Nb3 Nf8 24. Qd2 f6 25. Rxc7 Rxc7 26. Rc1 Be8 27. Bf1 Ng6
28. Rc3 b6 29. Qc1 Rxc3 30. Qxc3 Qd8 31. Nd2 Kf7 32. Nc4 Ke7 33. Ne3 Nh4 34.
Be2 Bd7 35. Kh2 Qc8 36. Qxc8 Bxc8 37. Kg3 g5 38. Bb5 Ng6 39. f3 Nf4 40. h4 a6
41. Bf1 h5 42. hxg5 fxg5 43. gxh5 Nxh5+ 44. Kf2 b5 45. b4 Nf4 46. Nd1 Kf6 47.
Nc3 Bh3 48. Bxh3 Nxh3+ 49. Ke3 Nf4 50. a4 bxa4 51. Nxa4 Ng2+ 52. Kd2 Ke7 53.
Nb6 Kd8 54. Nc4 Kc7 55. Ke2 Nf4+ 56. Ke3 Kd7 57. Nb6+ Kc7 58. Nc4 Kd7 59. Nb6+
1/2-1/2

[Event "Zagreb Open 2010 Grupo B"]
[Site "Zagreb CRO"]
[Date "2010.02.28"]
[Round "4.6"]
[White "Frank, Vladimir"]
[Black "Kristovic, Marijan"]
[Result "1/2-1/2"]
[WhiteElo "2194"]
[BlackElo "2294"]
[PlyCount "142"]
[EventDate "2010.02.25"]
[EventType "swiss"]
[EventRounds "9"]
[EventCountry "CRO"]
[Source "lmi"]
[SourceDate "2010.02.25"]

1. Nf3 d5 2. b3 c5 3. e3 a6 4. Bb2 Nc6 5. d4 cxd4 6. exd4 Bg4 7. Be2 e6 8. Nbd2
Nf6 9. O-O Bd6 10. Ne5 Bxe2 11. Qxe2 O-O 12. f4 Qb6 13. c3 Rad8 14. Kh1 Nd7 15.
Rf3 Ncxe5 16. fxe5 Be7 17. Raf1 f6 18. exf6 Rxf6 19. c4 Qd6 20. Re1 Rh6 21. Nf1
Rf8 22. cxd5 Qxd5 23. Ne3 Qa5 24. Ng4 Rg6 25. Re3 Bb4 26. Rd1 Qf5 27. h3 h5 28.
Rf3 Qd5 29. Rxf8+ Bxf8 30. Ne5 Rf6 31. Nxd7 Qxd7 32. d5 Rg6 33. Qxh5 Qf7 34.
dxe6 Qxe6 35. Qd5 Qxd5 36. Rxd5 Bd6 37. Be5 Bxe5 38. Rxe5 b5 39. Re7 Rd6 40.
Ra7 Kh7 41. Kh2 Kg6 42. h4 Kf6 43. Kh3 g6 44. g3 Kf5 45. Rf7+ Ke5 46. Rf2 Rd4
47. Rf3 b4 48. g4 Rd2 49. h5 gxh5 50. gxh5 Rxa2 51. h6 Rc2 52. Kg4 Rh2 53. Kg5
Rg2+ 54. Kh5 Rh2+ 55. Kg6 Rg2+ 56. Kf7 Rh2 57. Rf6 a5 58. Kg7 Rh3 59. Rg6 a4
60. bxa4 b3 61. Rb6 Rg3+ 62. Kf7 Rf3+ 63. Ke7 Rh3 64. Kd7 Kd5 65. Kc7 Kc5 66.
a5 b2 67. Kb7 Rxh6 68. Rxb2 Rh7+ 69. Ka6 Rc7 70. Rb6 Kd5 71. Rb7 Kc6 1/2-1/2

[Event "Zagreb Open 2010 Grupo B"]
[Site "Zagreb CRO"]
[Date "2010.02.28"]
[Round "4.7"]
[White "Jelecevic, Ivo"]
[Black "Vukovic, Ivo"]
[Result "1-0"]
[WhiteElo "2180"]
[BlackElo "2220"]
[PlyCount "98"]
[EventDate "2010.02.25"]
[EventType "swiss"]
[EventRounds "9"]
[EventCountry "CRO"]
[Source "lmi"]
[SourceDate "2010.02.25"]

1. e4 d6 2. d4 Nf6 3. Nc3 c6 4. f3 e5 5. Be3 Be7 6. Qd2 Nbd7 7. g4 h6 8. O-O-O
Nh7 9. Kb1 a6 10. Nge2 Bg5 11. Ng3 g6 12. f4 exf4 13. Bxf4 Qf6 14. Bxg5 Qxg5
15. Qe2 Ndf8 16. h3 h5 17. e5 d5 18. Qf2 hxg4 19. Nce4 Qe7 20. Nd6+ Kd7 21.
Nxf7 Rg8 22. hxg4 Kc7 23. Be2 Ne6 24. Nd6 Bd7 25. Qe3 Neg5 26. Rh6 Rg7 27. a4
Nf7 28. Nxf7 Qxf7 29. Rf1 Qe7 30. Nf5 gxf5 31. gxf5 Bxf5 32. Rxf5 Re8 33. c3
Kb6 34. Ka2 Ka7 35. Qd3 Rg2 36. Qf3 Rg7 37. Bd3 Nf8 38. Rhf6 Ne6 39. Rf7 Rxf7
40. Rxf7 Qd8 41. Qf5 Qa5 42. Bc2 c5 43. Rf6 Nc7 44. Qd7 Rh8 45. Rf7 Kb8 46. e6
cxd4 47. e7 dxc3 48. Qd8+ Ka7 49. Qxh8 d4 1-0

[Event "Zagreb Open 2010 Grupo B"]
[Site "Zagreb CRO"]
[Date "2010.02.28"]
[Round "4.8"]
[White "Vujcic, Toni"]
[Black "Mihalincic, Tomislav"]
[Result "1-0"]
[WhiteElo "2105"]
[BlackElo "2215"]
[PlyCount "77"]
[EventDate "2010.02.25"]
[EventType "swiss"]
[EventRounds "9"]
[EventCountry "CRO"]
[Source "lmi"]
[SourceDate "2010.02.25"]

1. Nf3 Nf6 2. c4 g6 3. g3 Bg7 4. Bg2 O-O 5. O-O d6 6. d4 Nbd7 7. Nc3 Re8 8. e3
c6 9. b3 Nb6 10. Bb2 Bg4 11. Qc2 Qc8 12. e4 e5 13. dxe5 dxe5 14. c5 Nbd7 15.
Nd1 a5 16. a3 Bf8 17. b4 b6 18. cxb6 axb4 19. axb4 Rxa1 20. Bxa1 Bxb4 21. Qc4
Bxf3 22. Bxf3 c5 23. Qb5 Qb7 24. Ne3 Qxb6 25. Qa4 Qe6 26. Rd1 Rc8 27. Qb5 Rb8
28. Qd3 Nb6 29. Qb5 Nbd7 30. Qd3 Re8 31. Nc4 Kg7 32. Nd6 Ra8 33. Nc4 h5 34. Bg2
Ra7 35. Bb2 Kh7 36. h3 Ne8 37. Bf1 f6 38. Bc1 Ba5 39. Nxa5 1-0

[Event "Zagreb Open 2010 Grupo B"]
[Site "Zagreb CRO"]
[Date "2010.02.28"]
[Round "4.9"]
[White "Zecevic, Dean"]
[Black "Klem, Davor"]
[Result "1-0"]
[WhiteElo "2213"]
[BlackElo "2048"]
[PlyCount "57"]
[EventDate "2010.02.25"]
[EventType "swiss"]
[EventRounds "9"]
[EventCountry "CRO"]
[Source "lmi"]
[SourceDate "2010.02.25"]

1. e4 Nc6 2. d4 e5 3. d5 Nb8 4. Be3 Nf6 5. Bd3 Bb4+ 6. Nd2 Ba5 7. c4 O-O 8. a3
Bxd2+ 9. Bxd2 d6 10. Ne2 Nh5 11. f3 Qh4+ 12. g3 Qh3 13. Kf2 Nf4 14. gxf4 Qh4+
15. Kg1 f5 16. fxe5 dxe5 17. Qe1 Qh5 18. Ng3 Qg6 19. exf5 Qb6+ 20. Kg2 Nd7 21.
b4 c5 22. b5 Nf6 23. Qxe5 Bd7 24. a4 Rae8 25. a5 Qd8 26. Qd6 Qc8 27. h4 Rf7 28.
Rae1 Rff8 29. Be3 1-0